000 00472nam a22001817a 4500
003 OSt
005 20251203120232.0
008 251203b |||||||| |||| 00| 0 eng d
020 _a0-440-12689-4
040 _aDWCL-Main lib
_cOC
082 _aFic. S813f 1984
100 _aDaniel Steel
245 _aFull Circle
_cDaniel Steel
260 _aNew York :
_bDell Publishing,
_cc1984.
300 _a447 pages ;
_c17 cm.
650 _21. Fiction.
942 _2ddc
_cFIC.
_kFic.
_n0
999 _c6760
_d6760